Reading and cases in the management of information security
This text provides students with a set of industry focused readings and cases illustrating real-world issues in information security
Đã lưu trong:
| Príomhúdar: | |
|---|---|
| Formáid: | Leabhar |
| Teanga: | Undetermined |
| Foilsithe: |
Boston, Mass.
Thomson Course Technology
2006
|
| Ábhair: | |
| Clibeanna: |
Cuir Clib Leis
Gan Chlibeanna, Bí ar an gcéad duine leis an taifead seo a chlibeáil!
|
| Thư viện lưu trữ: | Trung tâm Học liệu Trường Đại học Cần Thơ |
|---|
| LEADER | 00895nam a2200217Ia 4500 | ||
|---|---|---|---|
| 001 | CTU_128890 | ||
| 008 | 210402s9999 xx 000 0 und d | ||
| 020 | |c 599000 | ||
| 082 | |a 658.0285 | ||
| 082 | |b W615 | ||
| 100 | |a Whitman, Michael E. | ||
| 245 | 0 | |a Reading and cases in the management of information security | |
| 245 | 0 | |c Michael E. Whitman, Herbert J. Mattord | |
| 260 | |a Boston, Mass. | ||
| 260 | |b Thomson Course Technology | ||
| 260 | |c 2006 | ||
| 520 | |a This text provides students with a set of industry focused readings and cases illustrating real-world issues in information security | ||
| 650 | |a Computer networks,Computer security,Management information systems,An toàn mạng máy tính,Quản lý an toàn mạng máy tính | ||
| 650 | |x Security measures,Security measures | ||
| 904 | |i Nguyên | ||
| 980 | |a Trung tâm Học liệu Trường Đại học Cần Thơ | ||